[Event "I Hotel Nazari IM 2014"]
[Site "Granada ESP"]
[Date "2014.04.17"]
[Round "5.5"]
[White "Spielmann, Alain"]
[Black "Adrian, Claude"]
[Result "1/2-1/2"]
[WhiteTitle "FM"]
[BlackTitle "IM"]
[WhiteElo "2184"]
[BlackElo "2229"]
[WhiteFideId "602272"]
[BlackFideId "601071"]
[EventDate "2014.04.15"]

1. Nf3 Nf6 2. c4 b6 3. g3 c5 4. Bg2 Bb7 5. O-O e6 6. Nc3 d6 7. d4 cxd4 8. Qxd4
a6 9. e4 Be7 10. b3 Nbd7 11. Rd1 Qc7 12. Ba3 Nc5 13. e5 dxe5 14. Qxe5 Rc8 15.
Qxc7 Rxc7 16. Bxc5 Bxc5 17. Na4 Ke7 18. Ne5 Bxg2 19. Kxg2 Nd7 20. Nxd7 Rxd7 21.
Rxd7+ Kxd7 22. Nxc5+ bxc5 23. Rd1+ Kc6 24. Kf3 a5 1/2-1/2

[Event "I Hotel Nazari IM 2014"]
[Site "Granada ESP"]
[Date "2014.04.18"]
[Round "6.1"]
[White "Gavilan Diaz, Mario"]
[Black "Adrian, Claude"]
[Result "1-0"]
[WhiteTitle "FM"]
[BlackTitle "IM"]
[WhiteElo "2269"]
[BlackElo "2229"]
[WhiteFideId "2260905"]
[BlackFideId "601071"]
[EventDate "2014.04.15"]

1. e4 c5 2. Nf3 Nc6 3. d4 cxd4 4. Nxd4 g6 5. Nc3 Bg7 6. Be3 Nf6 7. Bc4 O-O 8.
Bb3 d6 9. f3 Qa5 10. Qd2 Nxd4 11. Bxd4 Be6 12. O-O-O Bxb3 13. cxb3 Rfc8 14. Kb1
b5 15. Rhe1 b4 16. Nd5 Nxd5 17. Bxg7 Nc3+ 18. Bxc3 bxc3 19. bxc3 Rxc3 20. Re3
Rac8 21. Rxc3 Qxc3 22. Qxc3 Rxc3 23. Rc1 Rxc1+ 24. Kxc1 Kf8 25. Kc2 Ke8 26. Kc3
Kd7 27. Kb4 Kc6 28. Ka5 e6 29. b4 f5 30. h4 fxe4 31. fxe4 d5 32. exd5+ Kxd5 33.
b5 e5 34. Ka6 Kc5 35. a4 e4 36. Kxa7 e3 37. b6 e2 38. b7 e1=Q 39. b8=Q Qa5+ 40.
Kb7 Qb6+ 41. Kc8 Qe6+ 42. Kc7 Qe7+ 43. Kc8 Qe8+ 44. Kc7 Qe7+ 45. Kc8 Qf8+ 46.
Kb7 Qf5 47. Qc8+ Qxc8+ 48. Kxc8 Kb4 49. Kd7 Kxa4 50. Ke6 1-0

[Event "I Hotel Nazari IM 2014"]
[Site "Granada ESP"]
[Date "2014.04.18"]
[Round "6.2"]
[White "Cruz Ravina, Francisco Javier"]
[Black "Spielmann, Alain"]
[Result "1-0"]
[WhiteTitle "FM"]
[BlackTitle "FM"]
[WhiteElo "2320"]
[BlackElo "2184"]
[WhiteFideId "2228939"]
[BlackFideId "602272"]
[EventDate "2014.04.15"]

1. Nf3 Nf6 2. c4 g6 3. g3 Bg7 4. Bg2 O-O 5. O-O c5 6. d4 d6 7. Nc3 Nc6 8. d5 Na5
9. Nd2 e5 10. e4 h5 11. h4 Bd7 12. Qe2 a6 13. Nd1 Rb8 14. b3 b5 15. Bb2 Qc8 16.
Bc3 b4 17. Bb2 Nb7 18. f3 Bh3 19. Nf2 Bd7 20. Nd3 a5 21. Rae1 a4 22. Rf2 a3 23.
Ba1 Nd8 24. Nf1 Nb7 25. Nh2 Ra8 26. f4 Ng4 27. Nxg4 Bxg4 28. Bf3 f6 29. Bxg4
Qxg4 30. Qxg4 hxg4 31. f5 gxf5 32. Rxf5 Nd8 33. Nf2 Nf7 34. Nxg4 Nh6 35. Nxh6+
Bxh6 36. Ref1 Ra7 37. Rxf6 Raf7 38. Rxf7 Rxf7 39. Rxf7 Kxf7 40. Bxe5 dxe5 41.
Kg2 Bf8 42. Kf3 Be7 43. Kg4 Kg6 44. h5+ Kf6 45. h6 Kg6 46. h7 Bf6 47. d6 1-0

[Event "I Hotel Nazari IM 2014"]
[Site "Granada ESP"]
[Date "2014.04.18"]
[Round "6.4"]
[White "Guerreiro, Nuno"]
[Black "Ladron De Guevara Pinto, Paolo"]
[Result "1/2-1/2"]
[BlackTitle "FM"]
[WhiteElo "2142"]
[BlackElo "2325"]
[WhiteFideId "1903012"]
[BlackFideId "2290847"]
[EventDate "2014.04.15"]

1. Nf3 d5 2. g3 Nf6 3. Bg2 g6 4. O-O Bg7 5. c4 c6 6. cxd5 cxd5 7. d4 O-O 8. Nc3
Nc6 9. Ne5 e6 10. Nxc6 bxc6 11. Bf4 Nh5 12. Be3 Bf6 13. Na4 Ng7 14. Bf4 Nf5 15.
e3 Be7 16. g4 Ng7 17. Rc1 Bd7 18. Nc5 Be8 19. Rc3 g5 20. Be5 f6 21. Bg3 Bxc5 22.
Rxc5 Qe7 23. f4 gxf4 24. exf4 Rb8 25. Rc2 f5 26. h3 Bd7 27. Be1 Rb5 28. Qe2 Qd6
29. Qe3 Rfb8 30. Rff2 Be8 31. Bf1 R5b7 32. Ba6 Rf7 33. Bf1 Kh8 34. a3 Bd7 35.
Ba5 Rg8 36. g5 Nh5 37. Be2 Nf6 38. Rg2 Ne4 39. Bh5 Rfg7 40. Bb4 Qc7 41. h4 Rb8
42. Be2 a5 43. Be1 Qb6 44. Bd1 Be8 45. h5 Qd8 46. h6 Rgb7 47. b4 Qd6 48. Be2 Qd8
49. Ba6 Ra7 50. Bd3 a4 51. Be2 Qd7 52. Bd3 Bg6 53. Rc1 Rab7 54. Rgc2 Be8 55. Rg2
Qd8 56. Be2 Qb6 57. Kh1 Bg6 58. Bf3 Rf8 59. Rgc2 Be8 60. Rd1 Re7 61. Rg2 Qa7 62.
Qc1 Qb8 63. Qe3 Qb6 64. Qc1 Qb8 1/2-1/2

[Event "I Hotel Nazari IM 2014"]
[Site "Granada ESP"]
[Date "2014.04.18"]
[Round "6.5"]
[White "Fernandez Garcia, Jose Miguel"]
[Black "Bravo Lutz, Sebastian"]
[Result "1/2-1/2"]
[WhiteTitle "FM"]
[WhiteElo "2357"]
[BlackElo "2250"]
[WhiteFideId "22200070"]
[BlackFideId "4671082"]
[EventDate "2014.04.15"]

1. e4 c6 2. c4 d5 3. exd5 Nf6 4. Nc3 cxd5 5. cxd5 Nxd5 6. Nf3 Nc6 7. Bb5 e6 8.
O-O Be7 9. d4 O-O 10. Qc2 Bd7 11. Qe4 Ncb4 12. Bc4 Bc6 13. Qe2 Qc7 14. Ne5 Bf6
15. Rd1 Rad8 16. Ng4 Be7 17. Ne5 Bf6 18. Ng4 Be7 19. a3 Nxc3 20. bxc3 Bd5 21.
Bb5 a6 22. Ba4 Qxc3 23. Bd2 Qd3 24. Qe5 Qg6 25. Ne3 Bd6 26. Nxd5 Nxd5 27. Qe2
Bf4 28. Ba5 Rc8 29. Qf3 Bc7 30. Be1 Qf6 31. Qe4 Qf4 32. Qxf4 Bxf4 33. Rab1 b5
34. Bb3 Nc3 35. Bxc3 Rxc3 36. a4 Rd8 37. d5 exd5 1/2-1/2

[Event "I Hotel Nazari IM 2014"]
[Site "Granada ESP"]
[Date "2014.04.19"]
[Round "7.1"]
[White "Bravo Lutz, Sebastian"]
[Black "Gavilan Diaz, Mario"]
[Result "0-1"]
[BlackTitle "FM"]
[WhiteElo "2250"]
[BlackElo "2269"]
[WhiteFideId "4671082"]
[BlackFideId "2260905"]
[EventDate "2014.04.15"]

1. Nf3 Nf6 2. g3 g6 3. Bg2 Bg7 4. O-O O-O 5. d3 d6 6. e4 c5 7. h3 Nc6 8. Nc3 Rb8
9. Be3 Nd7 10. Qd2 Nd4 11. Bxd4 cxd4 12. Ne2 e5 13. c3 dxc3 14. Nxc3 b5 15. b4
a6 16. a3 Nb6 17. Kh2 Bb7 18. Rac1 Qe7 19. Qe3 Ba8 20. Nd2 h5 21. Rc2 Kh7 22.
Ra1 Bh6 23. Qe2 Rfc8 24. Nb3 Rc7 25. Raa2 Rbc8 26. Nd5 Bxd5 27. exd5 Na4 28.
Rxc7 Qxc7 29. Qf3 Kg7 30. Re2 Qc3 31. Na5 Qxa3 32. Nc6 Qb3 33. d4 Qxf3 34. Bxf3
exd4 35. Nxd4 Rc3 36. Kg2 Rd3 37. Nc6 Nc3 38. Rb2 Na4 39. Re2 Nb6 40. Ra2 Rd2
41. Rxa6 Be3 42. Kh1 Rxf2 43. Bg2 Rd2 44. h4 Nxd5 45. Bxd5 Rxd5 46. Ra5 Kf6 47.
Kg2 Kg7 48. Kf3 Bd2 49. Ke4 Rf5 50. Ra3 Be1 51. Re3 Rf1 52. Rd3 Rg1 53. Kf4 Rg2
54. Nd4 Bxb4 55. Nxb5 Rd2 56. Rb3 Bc5 57. Nc7 Re2 58. Rd3 Rf2+ 59. Ke4 Re2+ 60.
Kf4 Re7 61. Nd5 Ra7 62. Rd1 Ra4+ 63. Kf3 Ra3+ 64. Kg2 Ra2+ 65. Kh3 Bf2 66. Nc3
Ra6 67. Ne4 Bc5 68. Rf1 Bd4 69. Ng5 Ra7 70. Rd1 Be5 71. Rd3 Kf8 72. Rf3 f6 73.
g4 hxg4+ 74. Kxg4 Ra4+ 75. Kh3 Ke7 76. Nh7 Rc4 77. Rf1 d5 78. Rb1 d4 79. h5 gxh5
80. Rb7+ Rc7 81. Rb5 d3 82. Ng5 d2 0-1

[Event "I Hotel Nazari IM 2014"]
[Site "Granada ESP"]
[Date "2014.04.19"]
[Round "7.2"]
[White "Ladron De Guevara Pinto, Paolo"]
[Black "Fernandez Garcia, Jose Miguel"]
[Result "1/2-1/2"]
[WhiteTitle "FM"]
[BlackTitle "FM"]
[WhiteElo "2325"]
[BlackElo "2357"]
[WhiteFideId "2290847"]
[BlackFideId "22200070"]
[EventDate "2014.04.15"]

1. e4 c5 2. Nf3 Nf6 3. Nc3 Nc6 4. d4 cxd4 5. Nxd4 Qb6 6. Nb3 e6 7. Be3 Qc7 8. a3
a6 9. f4 d6 10. Bd3 b5 11. O-O h5 12. h3 Be7 13. Be2 Bb7 14. Bf3 Rc8 15. Qe2 h4
16. Rad1 g6 17. Rfe1 Nh5 18. Qd2 Ng3 19. Qd3 g5 20. Nd5 exd5 21. exd5 O-O 22.
dxc6 Bxc6 23. Bxc6 Qxc6 24. Nd4 Qd5 25. fxg5 Bxg5 26. Bxg5 Qxg5 27. c3 Rfe8 28.
Nf3 Qc5+ 29. Kh2 Qf2 30. Qd4 Rxe1 31. Rxe1 Qxd4 32. Nxd4 Kf8 33. Kg1 Rc5 34. Kf2
Rd5 35. Kf3 Nf5 36. Re4 a5 37. Kg4 Nxd4 38. Rxd4 Re5 39. Rd2 b4 40. cxb4 axb4
41. Kxh4 Re4+ 42. Kh5 Re5+ 43. Kg4 bxa3 44. bxa3 Re4+ 45. Kf3 Ra4 46. Rd3 Kg7
47. g4 f6 48. Kg3 Kg6 49. h4 Ra5 50. h5+ Kg7 51. Kf4 Kf7 52. Rb3 Kg7 53. Rb7+
Kg8 54. a4 Rxa4+ 55. Kf5 Rc4 56. h6 d5 57. Rg7+ Kh8 58. Kxf6 Rc6+ 59. Kg5 Rd6
60. Rg6 Rd8 61. Ra6 d4 62. Ra2 d3 63. Rd2 Kh7 64. Kh5 Rd6 65. Kg5 1/2-1/2

[Event "I Hotel Nazari IM 2014"]
[Site "Granada ESP"]
[Date "2014.04.19"]
[Round "7.3"]
[White "Rasmussen, Karsten"]
[Black "Guerreiro, Nuno"]
[Result "1-0"]
[WhiteTitle "IM"]
[WhiteElo "2430"]
[BlackElo "2142"]
[WhiteFideId "1400088"]
[BlackFideId "1903012"]
[EventDate "2014.04.15"]

1. c4 e5 2. g3 Nc6 3. Bg2 Bc5 4. Nc3 Nf6 5. Nf3 d6 6. O-O O-O 7. d3 h6 8. e3 a6
9. b3 Ba7 10. Bb2 Re8 11. Rc1 Bf5 12. h3 Bh7 13. Kh2 Qd7 14. Qd2 Rad8 15. e4 Kh8
16. Nd5 Ng8 17. Nh4 Nd4 18. f4 f6 19. f5 Rf8 20. g4 Ne7 21. Bxd4 Bxd4 22. Nf3
Ba7 23. h4 Bg8 24. g5 Bxd5 25. cxd5 Kh7 26. Bh3 c6 27. dxc6 bxc6 28. d4 Bxd4 29.
Nxd4 exd4 30. Qxd4 c5 31. Qe3 Nc6 32. gxh6 Ne5 33. Rg1 Rg8 34. Rg3 Qf7 35. Rcg1
Qh5 36. Rxg7+ Rxg7 37. Rxg7+ Kh8 38. Qf4 d5 39. Bg2 d4 40. Re7 Qg4 41. Qxg4
Nxg4+ 42. Kg3 Ne3 43. Bf3 d3 44. Kf4 Nc2 45. Rc7 Nb4 46. a3 Nc2 47. Rxc5 Rb8 48.
b4 Nxa3 49. Rc3 Nc2 50. Rxd3 Rxb4 51. Rd6 a5 52. Rxf6 a4 53. Ra6 a3 54. f6 Nd4 1-0

[Event "I Hotel Nazari IM 2014"]
[Site "Granada ESP"]
[Date "2014.04.19"]
[Round "7.4"]
[White "Spielmann, Alain"]
[Black "Barrero Garcia, Carlos"]
[Result "1-0"]
[WhiteTitle "FM"]
[BlackTitle "IM"]
[WhiteElo "2184"]
[BlackElo "2358"]
[WhiteFideId "602272"]
[BlackFideId "2219522"]
[EventDate "2014.04.15"]

1. c4 e5 2. g3 Nf6 3. Bg2 d5 4. cxd5 Nxd5 5. Nc3 Nb6 6. Nf3 Nc6 7. O-O Be7 8. a3
g5 9. d4 exd4 10. Nb5 Bf6 11. Bxg5 Bxg5 12. Nxg5 Qxg5 13. Nxc7+ Kf8 14. Nxa8
Nxa8 15. Bxc6 1-0

[Event "I Hotel Nazari IM 2014"]
[Site "Granada ESP"]
[Date "2014.04.19"]
[Round "7.5"]
[White "Adrian, Claude"]
[Black "Cruz Ravina, Francisco Javier"]
[Result "1-0"]
[WhiteTitle "IM"]
[BlackTitle "FM"]
[WhiteElo "2229"]
[BlackElo "2320"]
[WhiteFideId "601071"]
[BlackFideId "2228939"]
[EventDate "2014.04.15"]

1. Nf3 e6 2. c4 d5 3. d4 c5 4. cxd5 exd5 5. g3 Nc6 6. Bg2 c4 7. O-O Bb4 8. b3
cxb3 9. Qxb3 Nge7 10. Ba3 a5 11. Nc3 O-O 12. Bb2 Bf5 13. Rfd1 Bxc3 14. Bxc3 Be4
15. a4 f6 16. Ne1 Bxg2 17. Nxg2 Qd6 18. Nf4 Kh8 19. Qa3 Rfd8 20. Qxd6 Rxd6 21.
Rab1 Nd8 22. Rb5 g5 23. Ng2 b6 24. Ne3 Ne6 25. Rdb1 Ra6 26. Bb2 Nc7 27. Ba3 Re6
28. Bxe7 Nxb5 29. axb5 Ra7 30. Ba3 Rc7 31. Nxd5 Rc4 32. e3 f5 33. Be7 h6 34. h4
Rg6 35. Kg2 Kg7 36. hxg5 hxg5 37. Bc5 1-0

[Event "I Hotel Nazari IM 2014"]
[Site "Granada ESP"]
[Date "2014.04.19"]
[Round "8.1"]
[White "Gavilan Diaz, Mario"]
[Black "Cruz Ravina, Francisco Javier"]
[Result "1/2-1/2"]
[WhiteTitle "FM"]
[BlackTitle "FM"]
[WhiteElo "2269"]
[BlackElo "2320"]
[WhiteFideId "2260905"]
[BlackFideId "2228939"]
[EventDate "2014.04.15"]

1. e4 e6 2. d4 c5 3. Nf3 cxd4 4. Nxd4 Nf6 5. Nc3 Nc6 6. Ndb5 Bb4 7. a3 Bxc3+ 8.
Nxc3 d5 9. Bd3 dxe4 10. Nxe4 Nxe4 11. Bxe4 Qxd1+ 12. Kxd1 Bd7 13. Be3 O-O-O 14.
Ke2 b6 15. Rhd1 Ne5 16. Bd4 Bb5+ 17. Ke1 Bc6 18. Bxe5 1/2-1/2

[Event "I Hotel Nazari IM 2014"]
[Site "Granada ESP"]
[Date "2014.04.19"]
[Round "8.2"]
[White "Barrero Garcia, Carlos"]
[Black "Adrian, Claude"]
[Result "1-0"]
[WhiteTitle "IM"]
[BlackTitle "IM"]
[WhiteElo "2358"]
[BlackElo "2229"]
[WhiteFideId "2219522"]
[BlackFideId "601071"]
[EventDate "2014.04.15"]

1. Nf3 c5 2. e4 Nc6 3. d4 cxd4 4. Nxd4 g6 5. Nb3 Bg7 6. Be2 d6 7. O-O Be6 8. Nc3
Bxc3 9. bxc3 Nf6 10. Qd3 O-O 11. Bh6 Re8 12. f4 Na5 13. Qd4 Nxb3 14. axb3 Qb6
15. Bf3 Bd7 16. e5 Ng4 17. Bxg4 Bxg4 18. Rf2 Qxd4 19. cxd4 dxe5 20. fxe5 b5 21.
d5 Red8 22. c4 bxc4 23. bxc4 e6 24. Rf4 Be2 25. Kf2 Bd3 26. Ke3 Bc2 27. Raf1
exd5 28. Rxf7 d4+ 29. Kd2 Bf5 30. R1xf5 gxf5 31. e6 Rd6 32. Rg7+ Kh8 33. Re7 a5
34. Bf4 Raa6 35. Be5+ Kg8 36. c5 Ra8 37. Rd7 Rxd7 38. exd7 Kf7 39. c6 Ke6 40.
Bf6 a4 41. d8=Q Rxd8 42. Bxd8 a3 43. Bb6 Kd5 44. c7 a2 45. Bxd4 Kxd4 46. c8=Q
a1=Q 1-0

[Event "I Hotel Nazari IM 2014"]
[Site "Granada ESP"]
[Date "2014.04.19"]
[Round "8.3"]
[White "Guerreiro, Nuno"]
[Black "Spielmann, Alain"]
[Result "1/2-1/2"]
[BlackTitle "FM"]
[WhiteElo "2142"]
[BlackElo "2184"]
[WhiteFideId "1903012"]
[BlackFideId "602272"]
[EventDate "2014.04.15"]

1. Nf3 g6 2. g3 Bg7 3. Bg2 d5 4. c4 dxc4 5. Qa4+ Nc6 6. Qxc4 Nf6 7. O-O O-O 8.
Qc2 Bg4 9. Nc3 Bxf3 10. Bxf3 Nd4 11. Qd3 Nxf3+ 12. Qxf3 c6 13. d3 Qd7 14. Rb1
Nd5 15. Bd2 Nc7 16. Rfc1 Ne6 17. Be3 Bd4 18. Bh6 Bg7 19. Be3 Bd4 20. Bh6 Bg7 21.
Be3 1/2-1/2

[Event "I Hotel Nazari IM 2014"]
[Site "Granada ESP"]
[Date "2014.04.19"]
[Round "8.4"]
[White "Fernandez Garcia, Jose Miguel"]
[Black "Rasmussen, Karsten"]
[Result "0-1"]
[WhiteTitle "FM"]
[BlackTitle "IM"]
[WhiteElo "2357"]
[BlackElo "2430"]
[WhiteFideId "22200070"]
[BlackFideId "1400088"]
[EventDate "2014.04.15"]

1. e4 c6 2. c4 e5 3. Nf3 d6 4. d4 Nd7 5. Nc3 Ngf6 6. Be2 Be7 7. O-O O-O 8. Qc2
a6 9. Rd1 Qc7 10. b3 b5 11. Ba3 exd4 12. Nxd4 Ne5 13. cxb5 axb5 14. Ncxb5 Qb8
15. f4 cxb5 16. fxe5 Rxa3 17. Nc6 Qb6+ 18. Kh1 Bd8 19. Rxd6 Qc7 20. Rad1 Ng4 21.
Rxd8 Nf2+ 22. Kg1 Nxd1 23. Qc5 Qxd8 24. Nxd8 Rxa2 25. Bxd1 Rxd8 26. Bf3 Bd7 27.
Qe7 Raa8 28. h4 h6 29. Be2 Rab8 30. b4 Be6 31. Bxb5 Rd4 32. Bc6 Rdxb4 33. Bd5
R4b6 34. Qc7 Rb1+ 35. Kh2 Re8 36. Bxe6 Rxe6 37. Qd8+ Kh7 38. Qc7 Rf1 39. Kg3
Rg6+ 40. Kh2 Rf2 41. Qd7 Rfxg2+ 42. Kh1 R2g4 43. Qe7 f6 0-1

[Event "I Hotel Nazari IM 2014"]
[Site "Granada ESP"]
[Date "2014.04.19"]
[Round "8.5"]
[White "Bravo Lutz, Sebastian"]
[Black "Ladron De Guevara Pinto, Paolo"]
[Result "0-1"]
[BlackTitle "FM"]
[WhiteElo "2250"]
[BlackElo "2325"]
[WhiteFideId "4671082"]
[BlackFideId "2290847"]
[EventDate "2014.04.15"]

1. e4 e6 2. d3 d5 3. Qe2 Ne7 4. Nf3 c5 5. g3 Nbc6 6. Bg2 g6 7. O-O Bg7 8. c3 b6
9. h4 h6 10. Rd1 O-O 11. e5 Ba6 12. a4 Qd7 13. Bf4 Kh7 14. Nbd2 Rae8 15. Nf1 f6
16. exf6 Bxf6 17. Qd2 Nf5 18. Qc2 e5 19. Bc1 Bg7 20. N1h2 Nd6 21. h5 gxh5 22.
Nh4 Qf7 23. d4+ e4 24. dxc5 bxc5 25. Be3 Nf5 26. Nxf5 Qxf5 27. Bxc5 Rg8 28. Qb3
Bc4 29. Qb7 Ne5 30. Bxa7 h4 31. b3 Bd3 32. Kh1 Rd8 33. Bd4 Rd7 34. Qb6 h3 35.
Bf1 e3 36. Bxe5 Be4+ 37. Kg1 Qxf2# 0-1

[Event "I Hotel Nazari IM 2014"]
[Site "Granada ESP"]
[Date "2014.04.20"]
[Round "9.1"]
[White "Ladron De Guevara Pinto, Paolo"]
[Black "Gavilan Diaz, Mario"]
[Result "1-0"]
[WhiteTitle "FM"]
[BlackTitle "FM"]
[WhiteElo "2325"]
[BlackElo "2269"]
[WhiteFideId "2290847"]
[BlackFideId "2260905"]
[EventDate "2014.04.15"]

1. e4 Nf6 2. e5 Nd5 3. d4 d6 4. c4 Nb6 5. exd6 exd6 6. Nc3 Be7 7. Be2 Nc6 8. Be3
O-O 9. Rc1 Re8 10. Nf3 Bg4 11. Nd5 Bf8 12. Nf4 d5 13. c5 Nc8 14. O-O N8e7 15. h3
Bf5 16. Qb3 Be4 17. Ng5 Nf5 18. Nxe4 Ncxd4 19. Qxb7 Nxe2+ 20. Nxe2 Nxe3 21. fxe3
Rb8 22. Qxa7 Rxe4 23. Qa3 g6 24. Rc2 Bh6 25. Nf4 d4 26. Qd3 Rxe3 27. Qc4 c6 28.
Rcf2 Rb7 29. Nd3 Qe7 30. b4 Re2 31. Kh1 Re3 32. Rxf7 Qxf7 33. Rxf7 Rxf7 34. b5
cxb5 35. Qxd4 Rf1+ 36. Kh2 Rd1 37. Qd5+ Kg7 38. Qd7+ Kg8 39. Qd8+ Kg7 40. Qc7+
Kg8 41. Qb8+ Kg7 42. Nf2 Rf1 43. Qc7+ Kg8 44. Qd8+ Kg7 45. Qd4+ Kg8 46. Qd5+ Kg7
47. Nd3 Rd1 48. Qd4+ Kg8 49. Qd8+ Kg7 50. Qc7+ Kg8 51. Nf4 Rd2 52. Qc8+ Kf7 53.
Qb7+ Re7 54. Qf3 Kg8 55. Nd5 Rf7 56. Qe4 Bf8 57. Qe6 Kg7 58. Qe5+ Kg8 59. Nf6+
Kh8 60. Ne4+ Bg7 61. Qe6 Rdd7 62. Qe8+ Bf8 63. Ng5 Kg8 64. Nxf7 Rxf7 65. c6 Re7
66. Qd8 1-0

[Event "I Hotel Nazari IM 2014"]
[Site "Granada ESP"]
[Date "2014.04.20"]
[Round "9.2"]
[White "Rasmussen, Karsten"]
[Black "Bravo Lutz, Sebastian"]
[Result "1-0"]
[WhiteTitle "IM"]
[WhiteElo "2430"]
[BlackElo "2250"]
[WhiteFideId "1400088"]
[BlackFideId "4671082"]
[EventDate "2014.04.15"]

1. d4 Nf6 2. c4 g6 3. g3 Bg7 4. Bg2 O-O 5. Nc3 d6 6. e4 c5 7. d5 a6 8. a4 e6 9.
Nge2 exd5 10. exd5 Nbd7 11. O-O Ne5 12. b3 Bf5 13. h3 h5 14. Bg5 Re8 15. Ra2 Qc7
16. f3 Nh7 17. Bd2 Re7 18. g4 hxg4 19. hxg4 Bd3 20. Be1 g5 21. Ng3 Bxf1 22. Kxf1
Ng6 23. Nce4 Be5 24. Nf5 Ree8 25. Kg1 b5 26. Bf1 bxa4 27. Rxa4 a5 28. Bd3 Nf4
29. Bc3 Qd8 30. Qd2 Nf8 31. Qh2 N8g6 32. Qh6 Ra7 33. Nexd6 Rf8 34. Bxa5 Qf6 35.
Ne4 Qh8 36. Qxh8+ Kxh8 37. Bb6 Rxa4 38. bxa4 Nh4 39. Nxg5 Nxf5 40. Bxf5 Bd4+ 41.
Kf1 Kg7 42. Bc7 1-0

[Event "I Hotel Nazari IM 2014"]
[Site "Granada ESP"]
[Date "2014.04.20"]
[Round "9.3"]
[White "Spielmann, Alain"]
[Black "Fernandez Garcia, Jose Miguel"]
[Result "0-1"]
[WhiteTitle "FM"]
[BlackTitle "FM"]
[WhiteElo "2184"]
[BlackElo "2357"]
[WhiteFideId "602272"]
[BlackFideId "22200070"]
[EventDate "2014.04.15"]

1. c4 Nf6 2. g3 e6 3. Bg2 d5 4. Nf3 Be7 5. b3 O-O 6. O-O c6 7. d3 Nbd7 8. Bb2 a5
9. Nc3 Bd6 10. e4 dxe4 11. dxe4 Qc7 12. Qd2 e5 13. Rad1 Bb4 14. Nh4 Re8 15. Nf5
Bf8 16. Nd6 Rd8 17. Nxc8 Raxc8 18. Bh3 Nc5 19. Qe2 Ra8 20. Bg2 Rd4 21. f3 Rad8
22. Nb1 Rd3 23. Rxd3 Nxd3 24. Bc3 Bb4 25. Rd1 Qd6 26. Kh1 g6 27. Ba1 Bc5 28. Nc3
Qd4 0-1

[Event "I Hotel Nazari IM 2014"]
[Site "Granada ESP"]
[Date "2014.04.20"]
[Round "9.4"]
[White "Adrian, Claude"]
[Black "Guerreiro, Nuno"]
[Result "1/2-1/2"]
[WhiteTitle "IM"]
[WhiteElo "2229"]
[BlackElo "2142"]
[WhiteFideId "601071"]
[BlackFideId "1903012"]
[EventDate "2014.04.15"]

1. Nf3 Nc6 2. d4 d5 3. c4 Bg4 4. cxd5 Bxf3 5. dxc6 Bxc6 6. Nc3 Nf6 7. f3 e6 8.
e4 Be7 9. Be3 O-O 10. Bd3 Re8 11. O-O Bf8 12. Qe2 a5 13. Rfd1 a4 14. Bb1 Ra5 15.
Qf2 a3 16. b3 Bb4 17. Rc1 Qa8 18. g4 Rf8 19. Qh4 Ne8 20. e5 g6 21. Bh6 Qa7 22.
Qf2 Rxe5 23. dxe5 1/2-1/2

[Event "I Hotel Nazari IM 2014"]
[Site "Granada ESP"]
[Date "2014.04.20"]
[Round "9.5"]
[White "Cruz Ravina, Francisco Javier"]
[Black "Barrero Garcia, Carlos"]
[Result "1-0"]
[WhiteTitle "FM"]
[BlackTitle "IM"]
[WhiteElo "2320"]
[BlackElo "2358"]
[WhiteFideId "2228939"]
[BlackFideId "2219522"]
[EventDate "2014.04.15"]

1. e4 c5 2. Nf3 Nc6 3. d4 cxd4 4. Nxd4 g6 5. c4 Bg7 6. Be3 Nf6 7. Nc3 d6 8. Be2
O-O 9. O-O Nxd4 10. Bxd4 Bd7 11. Qd2 Bc6 12. f3 a5 13. Rfd1 Nd7 14. Be3 Nc5 15.
Rac1 Na4 16. Nxa4 Bxa4 17. b3 Bc6 18. c5 dxc5 19. Qxd8 Rfxd8 20. Bxc5 Rxd1+ 21.
Rxd1 Kf8 22. a4 Be5 23. Bb6 Ke8 24. Bc4 e6 25. Kf2 h5 26. g3 Bc3 27. h4 Rc8 28.
Ke3 Bb4 29. Rc1 Bd7 30. Rc2 e5 31. Kd3 Be1 32. Bf2 Bxf2 33. Rxf2 Ke7 34. f4 exf4
35. gxf4 Be6 36. Kd4 Bxc4 37. bxc4 b6 38. Rb2 Rd8+ 39. Ke3 Rc8 40. Kd4 Rd8+ 41.
Kc3 Rd6 42. Rb5 Rf6 43. f5 gxf5 44. exf5 Rd6 45. f6+ Rxf6 46. Rxh5 Kd6 47. Rd5+
Kc6 48. h5 Rf1 49. Kd4 Rf4+ 50. Kc3 f5 51. Rd4 Rf3+ 52. Rd3 Rf1 53. Rh3 f4 54.
h6 f3 55. h7 f2 56. h8=Q Rc1+ 57. Kb3 Rb1+ 58. Ka3 f1=Q 59. Qa8+ 1-0